Conservation films in elementary schools / (Record no. 21823)

MARC details
000 -LEADER
fixed length control field 01112cam a22002771a 4500
001 - CONTROL NUMBER
control field e 41000273
003 - CONTROL NUMBER IDENTIFIER
control field DLC
005 - DATE AND TIME OF LATEST TRANSACTION
control field 20260227111230.0
008 - FIXED-LENGTH DATA ELEMENTS--GENERAL INFORMATION
fixed length control field 880516s1941 dcu f000 0 eng c
010 ## - LIBRARY OF CONGRESS CONTROL NUMBER
LC control number e 41000273
035 ## - SYSTEM CONTROL NUMBER
System control number (OCoLC)17957016
040 ## - CATALOGING SOURCE
Original cataloging agency U.S. Office of Education Library
Transcribing agency PClS
Modifying agency DLC
042 ## - AUTHENTICATION CODE
Authentication code premarc
050 00 - LIBRARY OF CONGRESS CALL NUMBER
Classification number L111
Item number .A6 1941, no. 4
051 ## - LIBRARY OF CONGRESS COPY, ISSUE, OFFPRINT STATEMENT
Classification number LB1044
Item number .B3
100 1# - MAIN ENTRY--PERSONAL NAME
Personal name Bathurst, Effie G.
Fuller form of name (Effie Geneva),
Dates associated with a name 1886-
245 10 - TITLE STATEMENT
Title Conservation films in elementary schools /
Statement of responsibility, etc. by Effie G. Bathurst.
260 ## - PUBLICATION, DISTRIBUTION, ETC.
Place of publication, distribution, etc. Washington :
Name of publisher, distributor, etc. U.S. Govt. Print. Off.,
Date of publication, distribution, etc. 1941.
300 ## - PHYSICAL DESCRIPTION
Extent vi, 38 p. :
Other physical details ill. ;
Dimensions 23 cm.
490 1# - SERIES STATEMENT
Series statement Bulletin / United States. Office of Education ;
Volume/sequential designation 1941, no. 4
501 ## - WITH NOTE
With note Copies 1 and 2 of L111.A6 with: Weekday classes in religious education / Mary Dabney Davis. Washington : U.S. Govt. Print. Off., 1941. Bound together subsequent to publication.
Institution to which field applies DLC
650 #0 - SUBJECT ADDED ENTRY--TOPICAL TERM
Topical term or geographic name entry element Motion pictures in education.
650 #0 - SUBJECT ADDED ENTRY--TOPICAL TERM
Topical term or geographic name entry element Motion pictures
Form subdivision Catalogs.
650 #0 - SUBJECT ADDED ENTRY--TOPICAL TERM
Topical term or geographic name entry element Natural resources.
830 #0 - SERIES ADDED ENTRY--UNIFORM TITLE
Uniform title Bulletin (United States. Office of Education) ;
Volume/sequential designation 1941, no. 4.

No items available.

Powered by Koha